00288nam a2200109Ia 4500003000400000008004100004100001800045245005700063260003200120300000800152650001800160OSt191201s2019 xx 000 0 und d aRONHUBBARD, L 0aDianetics 55/ Complete Manual of Human Communication aN. delhibHubbard Pubc2007 a343 aGeneral Books